Infinite processes: Background to analysis (Record no. 228780)

MARC details
000 -LEADER
fixed length control field 00391nam a2200157Ia 4500
008 - FIXED-LENGTH DATA ELEMENTS--GENERAL INFORMATION
fixed length control field 230917s9999||||xx |||||||||||||| ||und||
020 ## - ISBN
Price DM74
040 ## - CATALOGING SOURCE
-- 10693
Original cataloging agency VIVEKANANDA LIBRARY
041 ## - Language
-- English
082 ## - DDC NUMBER
Classification number 519.5 G168I
100 ## - MAIN ENTRY--PERSONAL NAME
Personal name Gardiner, A
245 #0 - TITLE STATEMENT
Title Infinite processes: Background to analysis
260 ## - PUBLICATION, DISTRIBUTION, ETC. (IMPRINT)
Place of publication, distribution, etc New York
Name of publisher, distributor, etc Springer-Verlag
Date of publication, distribution, etc 1982
300 ## - PHYSICAL DESCRIPTION
Pages xi,306 p.
942 ## - ADDED ENTRY ELEMENTS (KOHA)
Koha item type Books
Holdings
Withdrawn status Lost status Damaged status Not for loan Location (home branch) Sublocation or collection (holding branch) Date acquired Koha issues (times borrowed) Koha full call number Accession No. Koha date last seen Koha item type
        VIVEKANANDA LIBRARY VIVEKANANDA LIBRARY 08/08/2002   519.5 G168I 96765 17/09/2023 Books
© Designed and Maintained by Vivekananda Library, MDU Rohtak